Statistics for German Bundesliga Updated 2015/16

Click here to take the quiz!

General Stats

  • This quiz has been taken 60 times
    (54 since last reset)
  • The average score is 14 of 18

Answer Stats

Answer% Correct
FC Bayern München
100%
BV Borussia 09 Dortmund
98%
FC Schalke 04
88%
Hamburger SV
83%
VfL Wolfsburg
83%
Bayer 04 Leverkusen
81%
SV Werder Bremen
81%
VfB Stuttgart
81%
1. FC Köln
79%
FC Augsburg
79%
Hertha BSC
79%
Borussia Mönchengladbach
77%
1. FSV Mainz
73%
Hannover 96
71%
Eintracht Frankfurt
69%
FC Ingolstadt 04
56%
TSG 1899 Hoffenheim
54%
SV Darmstadt 98
52%

Score Distribution

Percentile by Number Answered

Percent of People with Each Score

Your Score History

You have not taken this quiz since the last reset